Представление документа в формате MARC21

Поле Инд. ПП Название Значение
Тип записи a
Библиографический уровень m
001 Контрольный номер RU/IS/BASE/249038747
005 Дата корректировки 20230210113037.8
040 b Код языка каталог. rus
041 0_ a Код языка текста rus
080 a Индекс УДК 004.42
084 a Индекс другой классификации/Индекс ББК 32.973.202-018.2
090 a Полочн. индекс 681.3
x Авторский знак Г19
097 b Оператор 12
100 1_ a Автор Гантер Р.
245 10 a Заглавие Методы управления проектированием программного обеспечения
c Ответственность пер. с англ. ; пер. с англ. под ред. Е. К. Масловского
260 a Место издания М.
b Издательство Мир
c Дата издания 1981
300 a Объем 388 с.
b Иллюстрации/ тип воспроизводства ил.
510 0_ a Примечание о ссылках Книги и методические пособия
650 04 a Основная рубрика 50.05 Теоретические основы программирования
x Основная подрубрика 50.05.13 Технология программирования. Автоматизация программирования
653 0_ a Ключевые слова программное обеспечение; цифровые вычислительные машины
901 t Тип документа m